Kluby piłkarskie sponsorowane przez linie lotnicze - Statystyki

Ogólne statystyki
  • Ten quiz został rozwiązany 48 razy
  • Średni wynik to 5 z 13
Statystyki odpowiedzi
Linie lotnicze Klub % Poprawnych
Emirates Real Madryt
89%
Emirates Arsenal FC
80%
Etihad Airways Manchester City
80%
Qatar Airways Paris Saint-Germain
66%
Emirates AC Milan
45%
Riyadh Air Atletico Madryt
45%
Qatar Airways Inter Mediolan
36%
Emirates Olympique Lyon
30%
Emirates SL Benfica
23%
Etihad Airways Girona FC
18%
Etihad Airways New York City FC
9%
Etihad Airways Melbourne City FC
5%
Etihad Airways Mumbai City FC
5%
Nie znaleziono quizów pasujących do podanych kryteriów
Rozkład punktacji
Procent ludzi z każdym wynikiem
Percentyl według liczby udzielonych odpowiedzi
Twoja historia wyników
Nie rozwiązałeś tego quizu